Windows server 2008 server administrator.
Đã lưu trong:
| 格式: | Sách giấy |
|---|---|
| 語言: | English |
| 出版: |
[S.l.] :
[s.n.],
[2008].
|
| 主題: | |
| 標簽: |
添加標簽
沒有標簽, 成為第一個標記此記錄!
|
| Thư viện lưu trữ: | Thư viện Trường Đại học Đà Lạt |
|---|
| LEADER | 00706nam a2200301 4500 | ||
|---|---|---|---|
| 001 | DLU110127366 | ||
| 005 | ##20111031 | ||
| 040 | # | # | |a DLU |b vie |
| 041 | # | # | |a eng |
| 044 | # | # | |a vn |
| 082 | # | # | |a 005.43 |b Win |
| 245 | # | # | |a Windows server 2008 server administrator. |
| 260 | # | # | |a [S.l.] : |b [s.n.], |c [2008]. |
| 300 | # | # | |a 1 v. ; |c 30 cm. |
| 650 | # | # | |a Electronic data processing personnel. |
| 650 | # | # | |a Microsoft software. |
| 650 | # | # | |a Microsoft Windows server. |
| 923 | # | # | |a 01/2011CT |
| 991 | # | # | |a GT |
| 992 | # | # | |a 0 |
| 994 | # | # | |a KCT |
| 900 | # | # | |a True |
| 911 | # | # | |a Đào Thị Thu Huyền |
| 925 | # | # | |a G |
| 926 | # | # | |a A |
| 927 | # | # | |a SH |
| 980 | # | # | |a Thư viện Trường Đại học Đà Lạt |